[Event "Plzen, FSB A"]
[Site "?"]
[Date "2003.??.??"]
[Round "7.15"]
[White "Gross, D."]
[Black "Tuma, J."]
[Result "1-0"]
[WhiteElo "2451"]
[BlackElo "2138"]
[PlyCount "105"]
[EventDate "2003.??.??"]
[Source "ChessBase"]
[SourceDate "1996.11.15"]

1. e4 e5 2. Nf3 Nc6 3. Bb5 a6 4. Ba4 Nf6 5. O-O b5 6. Bb3 Be7 7. Re1 d6 8. c3
O-O 9. h3 Na5 10. Bc2 c5 11. d4 Qc7 12. Nbd2 Nc6 13. d5 Nd8 14. Nf1 Ne8 15. g4
g6 16. Ng3 Ng7 17. a4 Rb8 18. Kh1 f6 19. Rg1 Nf7 20. axb5 axb5 21. Be3 Bd7 22.
Qd2 Ra8 23. Raf1 Kh8 24. Rg2 Rg8 25. Qe2 Raf8 26. Rfg1 Qc8 27. Nd2 Qb7 28. f4
exf4 29. Bxf4 Ne5 30. Nf3 Qc8 31. Bh6 Qe8 32. Qe3 Bd8 33. b3 Qe7 34. Qf2 Nf7
35. Bc1 Bb6 36. c4 bxc4 37. bxc4 Ne5 38. Qe2 Ba5 39. Bb2 Rb8 40. Ba1 Rgf8 41.
Rf2 Bb4 42. Rgf1 Ba3 43. Bd1 Rg8 44. Qe3 Ra8 45. Nh4 Ne8 46. g5 fxg5 47. Rf7
Qd8 48. Nf3 Bxh3 49. Nxg5 Ng7 50. Bxe5 dxe5 51. Nxh3 Qh4 52. Kg2 Bb2 53. Qg5
1-0

[Event "Plzen, FSB A"]
[Site "?"]
[Date "2003.??.??"]
[Round "7.16"]
[White "Vagner, T."]
[Black "Jurek, J."]
[Result "0-1"]
[WhiteElo "2161"]
[BlackElo "2342"]
[PlyCount "62"]
[EventDate "2003.??.??"]
[Source "ChessBase"]
[SourceDate "1996.11.15"]

1. e4 c5 2. Nf3 g6 3. c3 Bg7 4. d4 cxd4 5. cxd4 d5 6. e5 Nc6 7. h3 Nh6 8. Nc3
O-O 9. Bd3 Nf5 10. Bb1 f6 11. g4 Nh6 12. exf6 Rxf6 13. Ne5 Rd6 14. Bf4 Qb6 15.
Nxc6 bxc6 16. Bxd6 exd6 17. O-O Qxb2 18. Qf3 Ba6 19. Rd1 Rf8 20. Qe3 Qxa1 21.
Qd2 Rf3 22. Na4 Qxd4 23. Qxd4 Bxd4 24. Rxd4 Rxh3 25. Kg2 Ra3 26. Nb2 c5 27. Rf4
Kg7 28. Nd1 g5 29. Rf3 Rxf3 30. Kxf3 d4 31. Nb2 Bc8 0-1

[Event "Plzen, FSB A"]
[Site "?"]
[Date "2003.??.??"]
[Round "7.17"]
[White "Galicek, S."]
[Black "Horak, M."]
[Result "1-0"]
[WhiteElo "2155"]
[BlackElo "2341"]
[PlyCount "55"]
[EventDate "2003.??.??"]
[Source "ChessBase"]
[SourceDate "1996.11.15"]

1. d4 Nf6 2. c4 c5 3. d5 b5 4. cxb5 a6 5. b6 Qxb6 6. Nc3 d6 7. a4 Nbd7 8. a5
Qc7 9. e4 g6 10. f4 Bg7 11. Bc4 O-O 12. Nge2 Re8 13. O-O Nf8 14. Ra2 e6 15. b3
Ra7 16. Qd3 Qb8 17. Bb2 Bb7 18. Ng3 exd5 19. Nxd5 Bxd5 20. Bxd5 Nxd5 21. Qxd5
Qb7 22. Qxd6 Qxb3 23. Bxg7 Qxa2 24. Ba1 Nd7 25. f5 Qxa5 26. fxg6 hxg6 27. Qf4
Qa2 28. Nh5 1-0

[Event "Plzen, FSB A"]
[Site "?"]
[Date "2003.??.??"]
[Round "7.20"]
[White "Volodin, V."]
[Black "Novy, V."]
[Result "1/2-1/2"]
[WhiteElo "2279"]
[BlackElo "2107"]
[PlyCount "42"]
[EventDate "2003.??.??"]
[Source "ChessBase"]
[SourceDate "1996.11.15"]

1. Nf3 Nf6 2. c4 c5 3. g3 g6 4. Bg2 Bg7 5. O-O O-O 6. d4 d6 7. Nc3 Nc6 8. d5
Na5 9. Nd2 e5 10. b3 Ne8 11. Bb2 f5 12. e3 b6 13. Qc2 Nb7 14. a3 Nf6 15. b4 Ng4
16. h3 Nh6 17. f4 g5 18. Ne2 Qe7 19. h4 Bd7 20. Rae1 Rae8 21. Bc3 Kh8 1/2-1/2

[Event "Plzen, FSB A"]
[Site "?"]
[Date "2003.??.??"]
[Round "7.21"]
[White "Londyn, R."]
[Black "Palek, M."]
[Result "0-1"]
[WhiteElo "2152"]
[BlackElo "2246"]
[PlyCount "38"]
[EventDate "2003.??.??"]
[Source "ChessBase"]
[SourceDate "1996.11.15"]

1. c4 Nf6 2. g3 g6 3. Bg2 d5 4. Nf3 c6 5. b3 Bg7 6. Bb2 O-O 7. O-O Nbd7 8. d3
Re8 9. cxd5 cxd5 10. Nc3 b6 11. Rc1 a6 12. e4 e5 13. exd5 Bb7 14. Nd2 Nf8 15.
Nc4 b5 16. Ne3 N8d7 17. Ne4 Qb6 18. d4 Nxe4 19. Bxe4 exd4 0-1

[Event "Plzen, FSB A"]
[Site "?"]
[Date "2003.??.??"]
[Round "7.22"]
[White "Toman, J."]
[Black "Trkulja, Z."]
[Result "0-1"]
[WhiteElo "2107"]
[BlackElo "2220"]
[PlyCount "142"]
[EventDate "2003.??.??"]
[Source "ChessBase"]
[SourceDate "1996.11.15"]

1. e4 e6 2. d4 d5 3. e5 c5 4. c3 Ne7 5. Nf3 Nec6 6. a3 a5 7. Bd3 b6 8. O-O Ba6
9. Bg5 Be7 10. Bxe7 Qxe7 11. Bxa6 Rxa6 12. Re1 Nd7 13. Qa4 Ndb8 14. c4 dxc4 15.
Nc3 O-O 16. d5 Nd4 17. Rad1 b5 18. Nxb5 Nxf3+ 19. gxf3 exd5 20. Nd6 Nd7 21. f4
Rb6 22. Rxd5 Rxb2 23. Nxc4 Nb6 24. Nxb6 Rxb6 25. Rd3 Qh4 26. Rg3 Rh6 27. h3 Rg6
28. Kg2 Qd8 29. Qc4 Qb6 30. f5 Rxg3+ 31. fxg3 Re8 32. e6 fxe6 33. fxe6 Qc6+ 34.
Kh2 Re7 35. h4 g6 36. Qg4 Qd5 37. Qe4 Qxe4 38. Rxe4 Kf8 39. Kg2 Rc7 40. Kf2 Ke7
41. Ke2 Rc6 42. Kd3 Rxe6 43. Ra4 Ra6 44. Kc4 Kd6 45. Kb5 Ra8 46. Kc4 Kc6 47.
Kc3 Kb5 48. Rf4 a4 49. Rf7 Re8 50. Rb7+ Kc6 51. Rxh7 Re3+ 52. Kb2 Rb3+ 53. Ka2
Rxg3 54. Ra7 Rg2+ 55. Kb1 Kb5 56. Ra8 Kc4 57. Rf8 Rd2 58. Rf6 Rg2 59. Rf4+ Kb5
60. Rf8 Rg4 61. Rf6 Kc4 62. Kb2 Rg2+ 63. Kb1 Rg3 64. Kb2 Rg2+ 65. Kb1 Kd3 66.
Rf3+ Ke4 67. Rf6 c4 68. Rc6 Kd3 69. Rd6+ Kc3 70. Rf6 Kb3 71. Rf3+ c3 0-1

[Event "Plzen, FSB A"]
[Site "?"]
[Date "2003.??.??"]
[Round "7.23"]
[White "Zeleny, T."]
[Black "Kratochvil, M."]
[Result "1-0"]
[WhiteElo "2187"]
[BlackElo "2102"]
[PlyCount "93"]
[EventDate "2003.??.??"]
[Source "ChessBase"]
[SourceDate "1996.11.15"]

1. e4 e5 2. Nf3 Nc6 3. Bb5 a6 4. Ba4 Nf6 5. d4 exd4 6. O-O Be7 7. Re1 b5 8. Bb3
d6 9. Bd5 Nxd5 10. exd5 Ne5 11. Nxd4 O-O 12. a4 Bd7 13. Nc3 b4 14. Ne4 a5 15.
Bf4 Ng6 16. Bd2 Bf6 17. Nxf6+ Qxf6 18. Be3 Rfe8 19. Qd2 Ne5 20. b3 Qg6 21. Kh1
Qe4 22. Bh6 Qh4 23. Bf4 Ng4 24. f3 Nf6 25. Bg5 Qh5 26. Bxf6 gxf6 27. Ne2 Re5
28. Ng3 Qh4 29. f4 Rxe1+ 30. Rxe1 Kf8 31. Re4 Re8 32. Rc4 Rc8 33. Kg1 Qg4 34.
Qd3 f5 35. Qd4 Qg7 36. Qa7 Qa1+ 37. Nf1 Re8 38. Rxc7 Re1 39. Qf2 Be8 40. Rc4 f6
41. Rc8 Rd1 42. Qe2 Qd4+ 43. Kh1 Rxf1+ 44. Qxf1 Qxd5 45. Qe2 Qf7 46. h3 Qd7 47.
Ra8 1-0

[Event "Plzen, FSB A"]
[Site "?"]
[Date "2003.??.??"]
[Round "7.24"]
[White "Hodova, L."]
[Black "Priborsky, J."]
[Result "0-1"]
[WhiteElo "2059"]
[BlackElo "2181"]
[PlyCount "62"]
[EventDate "2003.??.??"]
[Source "ChessBase"]
[SourceDate "1996.11.15"]

1. e4 c5 2. Nf3 Nc6 3. d4 cxd4 4. Nxd4 Nf6 5. Nc3 e5 6. Ndb5 d6 7. Bg5 a6 8.
Na3 b5 9. Bxf6 gxf6 10. Nd5 f5 11. c3 Bg7 12. exf5 Bxf5 13. Nc2 O-O 14. Nce3
Be6 15. Bd3 f5 16. O-O Ra7 17. a4 Ne7 18. Nxe7+ Rxe7 19. axb5 axb5 20. Bxb5 d5
21. Ra6 Kh8 22. Qh5 f4 23. Ng4 Qb8 24. Be2 Qxb2 25. Nh6 Qxc3 26. Rfa1 f3 27.
Bxf3 e4 28. Bg4 Qd2 29. Rf1 Bxg4 30. Nxg4 e3 31. Nxe3 Rxe3 0-1

[Event "Plzen, FSB A"]
[Site "?"]
[Date "2003.??.??"]
[Round "7.25"]
[White "Priborsky, I."]
[Black "Maurer, J."]
[Result "1/2-1/2"]
[WhiteElo "2100"]
[BlackElo "2180"]
[PlyCount "74"]
[EventDate "2003.??.??"]
[Source "ChessBase"]
[SourceDate "1996.11.15"]

1. e4 c5 2. d4 cxd4 3. c3 Nf6 4. e5 Nd5 5. Nf3 e6 6. cxd4 b6 7. Nc3 Nxc3 8.
bxc3 Qc7 9. Bb2 Bb7 10. Rc1 d6 11. Ba3 Nd7 12. Bb5 a6 13. Bxd7+ Qxd7 14. c4 Rd8
15. O-O dxe5 16. Bxf8 Kxf8 17. Nxe5 Qxd4 18. Qxd4 Rxd4 19. Rfd1 Rxd1+ 20. Rxd1
Ke8 21. Rd7 Be4 22. f3 f6 23. fxe4 fxe5 24. Rxg7 Rf8 25. Rxh7 Rf4 26. Rb7 b5
27. cxb5 axb5 28. Rxb5 Rxe4 29. Ra5 Ke7 30. a4 Kf6 31. Ra8 Re2 32. a5 Ra2 33.
h4 e4 34. a6 e3 35. Kf1 Ke5 36. a7 Ke4 37. Re8 Rxa7 1/2-1/2

[Event "Plzen, FSB A"]
[Site "?"]
[Date "2003.??.??"]
[Round "7.26"]
[White "Hrbolka sr., L."]
[Black "Maupin, JP."]
[Result "0-1"]
[WhiteElo "2174"]
[BlackElo "2040"]
[PlyCount "66"]
[EventDate "2003.??.??"]
[Source "ChessBase"]
[SourceDate "1996.11.15"]

1. d4 Nf6 2. c4 e6 3. Nf3 c5 4. d5 exd5 5. cxd5 d6 6. Nc3 g6 7. e4 Bg7 8. h3
O-O 9. Bd3 Re8 10. O-O c4 11. Bc2 b5 12. Nxb5 Nxe4 13. Re1 Ba6 14. Nbd4 Nc5 15.
Rxe8+ Qxe8 16. Bf4 Be5 17. Qd2 Bb7 18. Re1 f6 19. Nxe5 dxe5 20. Nf5 gxf5 21.
Bxf5 Nbd7 22. Re3 Kf7 23. Bh6 Nf8 24. h4 Qd8 25. Rg3 Qxd5 26. Qe2 Nce6 27. Qh5+
Ke7 28. f3 e4 29. fxe4 Qe5 30. Rg4 Rd8 31. Rg8 Qd4+ 32. Kh2 Qd6+ 33. Kg1 Qd1+
0-1

[Event "Plzen, FSB A"]
[Site "?"]
[Date "2003.??.??"]
[Round "7.27"]
[White "Blazkova, P."]
[Black "Beneteau, H."]
[Result "1-0"]
[WhiteElo "2222"]
[BlackElo "2109"]
[PlyCount "51"]
[EventDate "2003.??.??"]
[Source "ChessBase"]
[SourceDate "1996.11.15"]

1. e4 c5 2. Nf3 e6 3. d4 cxd4 4. Nxd4 Nf6 5. Nc3 Nc6 6. Nxc6 bxc6 7. e5 Nd5 8.
Ne4 Qc7 9. f4 Rb8 10. Bd3 Qb6 11. Qe2 Be7 12. c4 f5 13. Nd6+ Bxd6 14. exd6 Nb4
15. Be3 c5 16. Bxf5 O-O 17. Bb1 Qxd6 18. O-O Bb7 19. Qh5 Nd3 20. Rd1 Rf5 21.
Qe2 Nxf4 22. Bxf4 Qxf4 23. Bxf5 exf5 24. Rxd7 Be4 25. Rad1 Qg5 26. Qd2 1-0

[Event "Plzen, FSB A"]
[Site "?"]
[Date "2003.??.??"]
[Round "7.28"]
[White "Kubikova, A."]
[Black "Cichy, M."]
[Result "1/2-1/2"]
[WhiteElo "2170"]
[BlackElo "2097"]
[PlyCount "54"]
[EventDate "2003.??.??"]
[Source "ChessBase"]
[SourceDate "1996.11.15"]

1. e4 c5 2. Nf3 Nc6 3. d4 cxd4 4. Nxd4 Nf6 5. Nc3 e5 6. Ndb5 d6 7. a4 a6 8. Na3
Be6 9. Bg5 Be7 10. Bxf6 Bxf6 11. Bc4 O-O 12. O-O Rc8 13. Nd5 Bg5 14. Kh1 Ne7
15. Qd3 Nxd5 16. Bxd5 Bxd5 17. Qxd5 Rc6 18. Rad1 Qc7 19. b3 Be7 20. c4 Qb6 21.
Qd3 Qc5 22. Nb1 b5 23. axb5 axb5 24. cxb5 Rc7 25. Qd5 Rb8 26. Qxc5 Rxc5 27. Na3
Rc3 1/2-1/2

[Event "Plzen, FSB A"]
[Site "?"]
[Date "2003.??.??"]
[Round "7.29"]
[White "Cedikova, K."]
[Black "Pokrupa, M."]
[Result "1/2-1/2"]
[WhiteElo "2168"]
[BlackElo "2115"]
[PlyCount "131"]
[EventDate "2003.??.??"]
[Source "ChessBase"]
[SourceDate "1996.11.15"]

1. d4 c5 2. d5 e5 3. e4 d6 4. Nc3 g6 5. g3 Bg7 6. Bg2 Ne7 7. Nge2 Nd7 8. O-O h5
9. h4 Nf6 10. f3 a6 11. a4 b6 12. Be3 Bd7 13. a5 b5 14. b4 c4 15. Qd2 O-O 16.
Bh6 Re8 17. Bxg7 Kxg7 18. f4 Ng4 19. f5 f6 20. fxg6 Nxg6 21. Rf3 Rf8 22. Raf1
Rf7 23. Nd1 Qh8 24. c3 Qh6 25. Qxh6+ Kxh6 26. Bh3 Rg8 27. Kh1 Rgf8 28. Rf5 Bxf5
29. exf5 Ne7 30. Bxg4 hxg4 31. Ne3 Rg7 32. Kg2 Kh7 33. Rf2 Kg8 34. Rf1 Kf7 35.
Rf2 Ng8 36. Rf1 Ke7 37. Rd1 Nh6 38. Rf1 Nf7 39. Rd1 Rh8 40. Kg1 Kd7 41. Kg2 Rh5
42. Rf1 Rh8 43. Rd1 Re8 44. Rf1 Nh6 45. Rf2 Rf8 46. Rf1 Re7 47. Rf2 Rg8 48. Rf1
Rgg7 49. Rf2 Ke8 50. Rf1 Kf7 51. Rf2 Ng8 52. Rf1 Ke8 53. Rf2 Nh6 54. Rf1 Nf7
55. Rd1 Rg8 56. Rf1 e4 57. Nf4 Ne5 58. Ne6 Nf3 59. Rd1 Rh7 60. Rh1 Kd7 61. Nf4
Ne5 62. Ne6 Rgh8 63. Nf4 Rg8 64. Rd1 Nd3 65. Ne6 Re7 66. Rf1 1/2-1/2

[Event "Plzen, FSB A"]
[Site "?"]
[Date "2003.??.??"]
[Round "7.30"]
[White "Kupka, F."]
[Black "Havlik jr., J."]
[Result "1/2-1/2"]
[WhiteElo "2011"]
[BlackElo "2151"]
[PlyCount "71"]
[EventDate "2003.??.??"]
[Source "ChessBase"]
[SourceDate "1996.11.15"]

1. d4 Nf6 2. Nf3 g6 3. Bg5 Bg7 4. Nbd2 O-O 5. e4 d6 6. h3 Nc6 7. c3 e5 8. dxe5
dxe5 9. Bc4 Kh8 10. O-O h6 11. Bxf6 Qxf6 12. Qe2 g5 13. Nh2 Ne7 14. Ng4 Bxg4
15. hxg4 Rad8 16. Rfd1 Nc8 17. Nf1 Nd6 18. Ng3 Qe7 19. Bb3 a6 20. Rd3 Rd7 21.
Ba4 c6 22. Rad1 Rfd8 23. Bb3 Bf8 24. R1d2 Qf6 25. Nf5 Kg8 26. Qd1 c5 27. Rf3
Qg6 28. Nxd6 Bxd6 29. Rf5 b5 30. Rxe5 c4 31. Bc2 Bxe5 32. Rxd7 Rxd7 33. Qxd7
Qd6 34. Qxd6 Bxd6 35. g3 Kg7 36. Kf1 1/2-1/2

[Event "Plzen, FSB A"]
[Site "?"]
[Date "2003.??.??"]
[Round "7.31"]
[White "Hlavac, R."]
[Black "Sedlacek, J."]
[Result "1-0"]
[WhiteElo "2150"]
[BlackElo "2083"]
[PlyCount "93"]
[EventDate "2003.??.??"]
[Source "ChessBase"]
[SourceDate "1996.11.15"]

1. e4 c5 2. Nf3 e6 3. d4 cxd4 4. Nxd4 a6 5. c4 Nf6 6. Bd3 Nc6 7. Nxc6 dxc6 8.
O-O e5 9. Qc2 Bc5 10. Nd2 O-O 11. Nb3 Bb6 12. c5 Bc7 13. Bg5 h6 14. Bh4 g5 15.
Bg3 Nh5 16. Rad1 Qf6 17. Bc4 Nf4 18. Nd2 h5 19. f3 h4 20. Bf2 g4 21. Be3 Qg5
22. Bxf4 Qxf4 23. fxg4 Qe3+ 24. Kh1 Bxg4 25. Rde1 Qh6 26. h3 Rad8 27. Rf2 Bh5
28. b4 Rd7 29. Nf1 Rfd8 30. Qb3 Qg6 31. Qe3 Rf8 32. Rf5 Bd8 33. a3 Rd4 34. Ba2
Bf6 35. Qf2 Kg7 36. Nd2 Bg5 37. Nb3 Rd3 38. Rxe5 Bd1 39. Bb1 Rxb3 40. Rxd1 Rg3
41. Rd6 f6 42. Re7+ Kh6 43. Rd3 Bc1 44. e5 Bxa3 45. Rd1 Rd8 46. Qf4+ Kh5 47.
Bxg6+ 1-0

[Event "Plzen, FSB A"]
[Site "?"]
[Date "2003.??.??"]
[Round "7.32"]
[White "Reitinger, P."]
[Black "Podbrdsky, P."]
[Result "0-1"]
[WhiteElo "2083"]
[BlackElo "2142"]
[PlyCount "76"]
[EventDate "2003.??.??"]
[Source "ChessBase"]
[SourceDate "1996.11.15"]

1. e4 e5 2. Nf3 Nc6 3. Bb5 a6 4. Bxc6 dxc6 5. O-O Qd6 6. d4 exd4 7. Qxd4 Qxd4
8. Nxd4 c5 9. Nb3 Bd7 10. Be3 b6 11. c4 O-O-O 12. Nc3 Ne7 13. f4 f5 14. e5 Be6
15. Nd2 Nc6 16. Rac1 Rd3 17. Kf2 Be7 18. b3 Rhd8 19. Rfd1 Bf7 20. Nf3 Nb4 21.
Ne1 Rxd1 22. Rxd1 Rxd1 23. Nxd1 Nxa2 24. Nd3 Nb4 25. Nxb4 cxb4 26. Bd4 a5 27.
Ne3 Be6 28. g4 g6 29. gxf5 gxf5 30. Nd5 Bh4+ 31. Ke3 b5 32. Kd3 bxc4+ 33. bxc4
Kb7 34. Nf6 Bxf6 35. exf6 Kc6 36. Ba7 a4 37. Be3 a3 38. Bc1 Kb6 0-1

[Event "Plzen, FSB A"]
[Site "?"]
[Date "2003.??.??"]
[Round "7.33"]
[White "Purnoch, J."]
[Black "Cvikl, M."]
[Result "1-0"]
[WhiteElo "2139"]
[BlackElo "2078"]
[PlyCount "63"]
[EventDate "2003.??.??"]
[Source "ChessBase"]
[SourceDate "1996.11.15"]

1. d4 Nf6 2. c4 g6 3. Nc3 Bg7 4. Nf3 O-O 5. g3 c5 6. Bg2 cxd4 7. Nxd4 Nc6 8.
O-O Ne8 9. Nxc6 bxc6 10. Bxc6 Rb8 11. Qd3 Nd6 12. Bg2 Qa5 13. Nd5 Qd8 14. Rb1
Ba6 15. b3 Nf5 16. Bf4 d6 17. Rfd1 Re8 18. Bd2 Qc8 19. Bc3 Bxc3 20. Qxc3 Qc5
21. e4 Ng7 22. Bf1 Ne6 23. a3 Nc7 24. b4 Nxd5 25. exd5 Qc7 26. Qd4 Bc8 27. c5
Bf5 28. Rbc1 dxc5 29. Rxc5 Qb6 30. h4 Bd7 31. Bg2 Rbd8 32. Ra5 1-0

[Event "Plzen, FSB A"]
[Site "?"]
[Date "2003.??.??"]
[Round "7.34"]
[White "Barbet, L."]
[Black "Brom, J."]
[Result "1-0"]
[WhiteElo "1900"]
[BlackElo "2201"]
[PlyCount "51"]
[EventDate "2003.??.??"]
[Source "ChessBase"]
[SourceDate "1996.11.15"]

1. e4 c5 2. Nf3 Nc6 3. d4 cxd4 4. Nxd4 Nf6 5. Nc3 e5 6. Ndb5 d6 7. Bg5 a6 8.
Na3 b5 9. Nd5 Be7 10. Bxf6 Bxf6 11. c3 O-O 12. Nc2 Bg5 13. h4 Bh6 14. g4 Bf4
15. Nxf4 exf4 16. f3 Be6 17. Qd2 d5 18. Qxf4 dxe4 19. fxe4 Qe7 20. a3 Rad8 21.
Ne3 b4 22. axb4 Nxb4 23. cxb4 Qxb4+ 24. Kf2 Qxb2+ 25. Be2 Rd2 26. Qf3 1-0

[Event "Plzen, FSB A"]
[Site "?"]
[Date "2003.??.??"]
[Round "7.35"]
[White "Hrbolka jr., L."]
[Black "Skacel, J."]
[Result "1/2-1/2"]
[WhiteElo "2207"]
[BlackElo "2093"]
[PlyCount "35"]
[EventDate "2003.??.??"]
[Source "ChessBase"]
[SourceDate "1996.11.15"]

1. e4 c5 2. Nf3 Nc6 3. d4 cxd4 4. Nxd4 Nf6 5. Nc3 e6 6. Ndb5 Bb4 7. a3 Bxc3+ 8.
Nxc3 d5 9. exd5 exd5 10. Bd3 O-O 11. O-O h6 12. Bf4 d4 13. Ne4 Nxe4 14. Bxe4
Qf6 15. Bg3 Bf5 16. Bxf5 Qxf5 17. Re1 Rfe8 18. Qd2 1/2-1/2

[Event "Plzen, FSB A"]
[Site "?"]
[Date "2003.??.??"]
[Round "7.36"]
[White "Pech, V."]
[Black "Kolar, J."]
[Result "1/2-1/2"]
[WhiteElo "2171"]
[BlackElo "2063"]
[PlyCount "31"]
[EventDate "2003.??.??"]
[Source "ChessBase"]
[SourceDate "1996.11.15"]

1. e4 d5 2. exd5 Nf6 3. Bb5+ Bd7 4. Be2 Nxd5 5. Nf3 Bg4 6. d4 e6 7. O-O Nc6 8.
a3 Be7 9. c4 Nb6 10. Nc3 Bxf3 11. Bxf3 Nxc4 12. Bxc6+ bxc6 13. Qa4 Nb6 14.
Qxc6+ Qd7 15. Qxd7+ Kxd7 16. Bf4 1/2-1/2

[Event "Plzen, FSB A"]
[Site "?"]
[Date "2003.??.??"]
[Round "7.37"]
[White "Sochor, S."]
[Black "Choisy, M."]
[Result "1-0"]
[WhiteElo "2141"]
[BlackElo "2024"]
[PlyCount "89"]
[EventDate "2003.??.??"]
[Source "ChessBase"]
[SourceDate "1996.11.15"]

1. d4 Nf6 2. Nf3 g6 3. Bf4 Bg7 4. e3 O-O 5. h3 c5 6. c3 cxd4 7. cxd4 Nc6 8. Nc3
d6 9. a3 Bd7 10. Be2 Rc8 11. O-O Na5 12. Rc1 a6 13. Nd2 b5 14. b4 Nc6 15. Nf3
Qe8 16. d5 Nb8 17. Nd4 Qd8 18. e4 Qb6 19. Be3 Qb7 20. Qd2 Rxc3 21. Qxc3 Nxe4
22. Qd3 Qxd5 23. Rfd1 f5 24. Bf3 Kh8 25. Rc7 Qe5 26. Ne2 d5 27. Bf4 Qe6 28.
Qxd5 Qxd5 29. Rxd5 Bc6 30. Rd1 e5 31. Be3 Bf6 32. Ba7 Ba8 33. Ng3 Nc6 34. Nxe4
fxe4 35. Bxe4 Nd4 36. Bxa8 Rxa8 37. Kf1 Re8 38. Rdc1 Nb3 39. Rc8 Nxc1 40. Rxe8+
Kg7 41. Re6 Nd3 42. Rxa6 e4 43. Be3 Bb2 44. Bd2 Ne5 45. a4 1-0

[Event "Plzen, FSB A"]
[Site "?"]
[Date "2003.??.??"]
[Round "7.39"]
[White "Horak, J."]
[Black "Adamek, F."]
[Result "0-1"]
[WhiteElo "2138"]
[BlackElo "2015"]
[PlyCount "122"]
[EventDate "2003.??.??"]
[Source "ChessBase"]
[SourceDate "1996.11.15"]

1. d4 g6 2. e4 d6 3. f4 Bg7 4. Nc3 Nf6 5. Nf3 O-O 6. Bd3 Nc6 7. O-O Bg4 8. Be3
e5 9. fxe5 dxe5 10. d5 Nd4 11. Qd2 Nxf3+ 12. gxf3 Bh3 13. Rf2 Nh5 14. Bf1 Bxf1
15. Raxf1 f5 16. Rg2 Rf7 17. exf5 Rxf5 18. Ne4 Nf4 19. Bxf4 exf4 20. c4 b5 21.
b3 bxc4 22. bxc4 Rb8 23. Qd3 Rb6 24. Rd1 Qb8 25. c5 Rb4 26. Qa6 Rd4 27. Qe6+
Kh8 28. Rgd2 Re5 29. Qd7 Rxd2 30. Rxd2 h6 31. d6 cxd6 32. Qxd6 Qb1+ 33. Kf2
Rxe4 34. fxe4 Qxe4 35. Qd3 Qh1 36. Qxg6 Qxh2+ 37. Qg2 Qh4+ 38. Kf1 f3 39. Qxf3
Qc4+ 40. Kg2 Qh4 41. c6 Qg5+ 42. Kh3 Qxd2 43. Qe4 Qd8 44. Qg6 Qc8+ 45. Kg2 Kg8
46. Kf3 Kf8 47. Qd6+ Kf7 48. c7 Bf6 49. Ke4 h5 50. Kd5 h4 51. Kc6 Qa6+ 52. Kd7
Qb5+ 53. Kc8 Be5 54. Qh6 Qb6 55. Qh5+ Ke6 56. Qg4+ Kd6 57. Qg6+ Kc5 58. Qc2+
Kd4 59. Qf2+ Kd3 60. Qf1+ Kd2 61. Qg2+ Ke3 0-1

[Event "Plzen, FSB A"]
[Site "?"]
[Date "2003.??.??"]
[Round "7.40"]
[White "Ondrejat, M."]
[Black "Jaros, M."]
[Result "1/2-1/2"]
[WhiteElo "2133"]
[BlackElo "1997"]
[PlyCount "75"]
[EventDate "2003.??.??"]
[Source "ChessBase"]
[SourceDate "1996.11.15"]

1. e4 e5 2. Nf3 Nc6 3. Bb5 Nf6 4. d3 d6 5. O-O Be7 6. Nc3 Bg4 7. h3 Bh5 8. Nd5
O-O 9. Nxe7+ Qxe7 10. c3 h6 11. g4 Bg6 12. Nh4 Bh7 13. Nf5 Bxf5 14. gxf5 d5 15.
Bxc6 bxc6 16. Qe2 Rad8 17. Kh2 Kh7 18. Rg1 Rg8 19. Qf3 Qc5 20. Qe2 Qb5 21. c4
Qb4 22. b3 dxe4 23. dxe4 Rd4 24. f3 Rgd8 25. Qe1 Qd6 26. Be3 Rd3 27. Rg2 a6 28.
Qf2 Rd1 29. Bc5 Qd2 30. Rxd1 Qxf2 31. Bxf2 Rxd1 32. Bg3 Nd7 33. Re2 Kg8 34. f4
f6 35. Kg2 Kf7 36. fxe5 Nxe5 37. Bxe5 fxe5 38. Kf3 1/2-1/2

[Event "Plzen, FSB A"]
[Site "?"]
[Date "2003.??.??"]
[Round "7.41"]
[White "Postupa, P."]
[Black "Fales, A."]
[Result "0-1"]
[WhiteElo "2132"]
[BlackElo "1937"]
[PlyCount "86"]
[EventDate "2003.??.??"]
[Source "ChessBase"]
[SourceDate "1996.11.15"]

1. e4 d6 2. d4 Nf6 3. Bd3 e5 4. d5 c6 5. c4 Be7 6. Nc3 O-O 7. Nge2 Nbd7 8. Ng3
Nc5 9. Be2 cxd5 10. cxd5 Qa5 11. O-O Qb4 12. Qc2 Bd7 13. a3 Qb3 14. Bd1 Qxc2
15. Bxc2 h5 16. b4 Na6 17. Bd3 Nc7 18. a4 a6 19. Be3 Rfc8 20. Rfc1 h4 21. Nf1
Nh7 22. Nd2 b5 23. a5 Bg5 24. Nd1 Ne8 25. Nf3 Bxe3 26. Nxe3 g5 27. Kf1 f6 28.
h3 Nf8 29. Nh2 Ng6 30. Ke1 Nf4 31. Bf1 Ng7 32. Nhg4 Kf7 33. f3 Kg6 34. Nh2 Ngh5
35. Kd2 Ng3 36. Bd3 Nxd3 37. Kxd3 f5 38. exf5+ Nxf5 39. Nxf5 Bxf5+ 40. Ke3 Bc2
41. Kd2 Bb3 42. Rc6 Rxc6 43. dxc6 Rc8 0-1

[Event "Plzen, FSB A"]
[Site "?"]
[Date "2003.??.??"]
[Round "7.42"]
[White "Bartonicek sr., Z."]
[Black "Pravdik, K."]
[Result "1/2-1/2"]
[WhiteElo "2127"]
[BlackElo "1893"]
[PlyCount "92"]
[EventDate "2003.??.??"]
[Source "ChessBase"]
[SourceDate "1996.11.15"]

1. c4 c6 2. d4 d5 3. e3 Nf6 4. Nc3 e6 5. Nf3 Nbd7 6. Be2 Be7 7. b3 O-O 8. O-O
Qc7 9. Bb2 a6 10. Rc1 Qb8 11. Qc2 Rd8 12. Rfe1 Bb4 13. Red1 Bxc3 14. Bxc3 Ne4
15. Bb2 f5 16. Ne5 Nxe5 17. dxe5 Bd7 18. h4 Rf8 19. f3 Ng3 20. Kf2 Nxe2 21.
Qxe2 Qd8 22. g3 Rc8 23. Ba3 Rf7 24. f4 Qa5 25. Bd6 dxc4 26. Rxc4 c5 27. Qc2 Bc6
28. Rxc5 Qd8 29. Rc1 Qe8 30. a4 Rd8 31. Qe2 Bd5 32. Qd2 Bxb3 33. a5 h6 34. Qb4
Qa4 35. Qxa4 Bxa4 36. Rc8 Rxc8 37. Rxc8+ Kh7 38. Rc4 Bb3 39. Rc3 Bd5 40. Kg1
Kg6 41. Kf2 Kh5 42. Rc8 Kg6 43. Rh8 Kh5 44. Rg8 Kg6 45. Kg1 Kh5 46. Kf2 Kg6
1/2-1/2

[Event "Plzen, FSB A"]
[Site "?"]
[Date "2003.??.??"]
[Round "7.43"]
[White "Toman, J."]
[Black "Jirasek, P."]
[Result "1/2-1/2"]
[WhiteElo "1940"]
[BlackElo "2126"]
[PlyCount "29"]
[EventDate "2003.??.??"]
[Source "ChessBase"]
[SourceDate "1996.11.15"]

1. d4 Nf6 2. c4 c5 3. d5 e6 4. Nc3 exd5 5. cxd5 d6 6. e4 g6 7. Nf3 Bg7 8. Be2
O-O 9. O-O Bg4 10. Nd2 Bxe2 11. Qxe2 Na6 12. Nc4 Nc7 13. Bf4 Nfe8 14. a4 Rb8
15. Nb5 1/2-1/2

[Event "Plzen, FSB A"]
[Site "?"]
[Date "2003.??.??"]
[Round "7.44"]
[White "Novacek, K."]
[Black "Vlcek, J."]
[Result "1-0"]
[WhiteElo "2116"]
[BlackElo "1840"]
[PlyCount "45"]
[EventDate "2003.??.??"]
[Source "ChessBase"]
[SourceDate "1996.11.15"]

1. e4 c5 2. f4 Nc6 3. Nf3 e6 4. Bb5 Nge7 5. O-O a6 6. Bxc6 Nxc6 7. d3 g6 8. f5
d5 9. fxe6 Bxe6 10. exd5 Bxd5 11. Nc3 Bg7 12. Nxd5 Qxd5 13. Qe2+ Kd7 14. c3
Rae8 15. Qf2 Kc8 16. Bf4 Re7 17. Ng5 f5 18. Rfe1 Ne5 19. d4 Nd3 20. Rxe7 Nxf2
21. Rc7+ Kd8 22. Nf7+ Ke8 23. Kxf2 1-0

[Event "Plzen, FSB A"]
[Site "?"]
[Date "2003.??.??"]
[Round "7.45"]
[White "Kovarik, J."]
[Black "Bujak, M."]
[Result "0-1"]
[WhiteElo "2007"]
[BlackElo "2159"]
[PlyCount "84"]
[EventDate "2003.??.??"]
[Source "ChessBase"]
[SourceDate "1996.11.15"]

1. e4 c5 2. d4 cxd4 3. c3 Nf6 4. e5 Nd5 5. cxd4 Nc6 6. Nc3 Nxc3 7. bxc3 d5 8.
Bd3 g6 9. Qc2 Be6 10. Ne2 Qd7 11. Nf4 Bf5 12. Bxf5 gxf5 13. Rb1 O-O-O 14. Rb5
e6 15. a4 Qc7 16. Be3 h5 17. O-O Bh6 18. Nd3 f4 19. Nxf4 Bxf4 20. Bxf4 Nxd4 21.
cxd4 Qxc2 22. Rc1 Qxc1+ 23. Bxc1 b6 24. Bg5 Rd7 25. g3 Kb7 26. Rb2 Rc8 27. a5
Rc4 28. Rb1 Rxd4 29. axb6 a5 30. f3 Rb4 31. Ra1 Kxb6 32. Bd2 Rb5 33. h3 Rc7 34.
Kf2 Rc4 35. g4 hxg4 36. fxg4 a4 37. Kg3 Rb3+ 38. Kh4 a3 39. Bc1 Rcc3 40. Rxa3
Rxh3+ 41. Kg5 Rxa3 42. Bxa3 Rxa3 0-1